LEADER 01132nam a2200241I 4500 001 991003543409707536 008 740715s19692018gw f b 001 0 ger 035 $ab14350129-39ule_inst 040 $aBibl. Dip.le Aggr. Beni Culturali - Sez. Beni Culturali$bita 245 00$aAllgemeine Grundlagen der Archäologie;$bBegriff und Methode, Geschichte, Problem der Form, Schriftzeugnisse.$cMit Beiträgen von Hellmut Brunner [et al.] hrsg. von Ulrich Hausmann 260 $aMünchen,$bC.H. Beck,$c1969 300 $a529 p. ;$c24 cm. 444 0 $aHandbuch der Archäologie im Rahmen des Handbuchs der Altertumswissenschaft 504 $aContiene bibliografia 650 4$aArcheologia 700 1 $aBrunner, Hellmut$eauthor$4http://id.loc.gov/vocabulary/relators/aut$0209746 700 1 $aHausmann, Ulrich 907 $a.b14350129$b26-09-18$c26-09-18 912 $a991003543409707536 945 $aLE001 AR I 18e 4°$g1$i2001000192779$lle001$og$pE67.00$q-$rl$s- $t0$u0$v0$w0$x0$y.i15861545$z26-09-18 996 $aAllgemeine Grundlagen der Archäologie$91749065 997 $aUNISALENTO 998 $ale001$b26-09-18$cm$da $e-$fger$ggw $h0$i0 LEADER 04143nam 2200601Ia 450 001 9910785482603321 005 20200520144314.0 010 $a1-282-89692-X 010 $a9786612896927 010 $a1-84951-237-X 035 $a(CKB)2670000000056406 035 $a(EBL)952061 035 $a(OCoLC)798535872 035 $a(SSID)ssj0000438537 035 $a(PQKBManifestationID)11273889 035 $a(PQKBTitleCode)TC0000438537 035 $a(PQKBWorkID)10452920 035 $a(PQKB)11688907 035 $a(Au-PeEL)EBL952061 035 $a(CaPaEBR)ebr10435381 035 $a(CaONFJC)MIL289692 035 $a(MiAaPQ)EBC952061 035 $a(PPN)228014743 035 $a(EXLCZ)992670000000056406 100 $a20100920d2010 uy 0 101 0 $aeng 135 $aur|n|---||||| 181 $ctxt 182 $cc 183 $acr 200 10$aJoomla! 1.5 cookbook$b[electronic resource] $eover 60 quick and direct recipes to help you overcome common Joomla! queries /$fTom Canavan 210 $aBirmingham, U.K. $cPackt Pub.$d2010 215 $a1 online resource (340 p.) 300 $aIncludes index. 311 $a1-84951-236-1 327 $aCover; Copyright; Credits; About the Author; About the Reviewer; Table of Contents; Preface; Chapter 1: Installing Joomla!; Introduction; Preparing to install; Setting up your database on a cPanel® host; Setting up your database on a; GoDaddy.Com® server; Installation of Joomla! 1.5; Ensuring permissions are correct; Chapter 2: Working with phpMyAdmin; Introduction; Exporting a MySQL database using; phpMyAdmin; Importing a MySQL database using; phpMyAdmin; Working with your database using; phpMyAdmin; Removing a table from your database; Removing content from a table; Chapter 3: Templates 327 $aIntroductionInstalling the template using the; administrator tool; Replacing the default administrator; template; Manual installation of a template; Using more than one template on your site; Determining your templates' module; positions; Replacing a logo in a template; Chapter 4: Editing Content and Menus; Introduction; Installing a new editor; Setting up sections; Setting up categories; Article creation; Adding new menus; Setting up a blog on your Joomla! site; Adding an extension menu; Chapter 5: Managing Links, Users, and Media; Introduction; Managing users; Setting up a site contact 327 $aWorking with mediaManaging the login and user experience; Web Link manager; Changing lost super admin password; Chapter 6: Managing Modules and Components; Introduction; Installing and managing components; Creating menu items for components; Installing, creating, and managing modules; Chapter 7: Managing Articles Using the K2 Content Construction Kit; Introduction; Installation and introduction of K2; Working with items AKA articles; Working with comments; Summary; Chapter 8: Installing Third-party Extensions; Introduction; Installing and using eXtplorer; Using and configuring content 327 $auploader extensionjomCalendar; Using and configuring CompojoomComment; Summary; Chapter 9: Troubleshooting; Introduction; Developing a 'troubleshooting mentality'; Summary; Chapter 10: Securing your Joomla! Site; Introduction; Setting permissions for your site; Patching; Using .htaccess and php.ini; Denying specific IP addresses; Summary; Chapter 11: Joomla! 1.6; Introduction; Joomla! 1.6 ACL; Working with new category manager; Extensions; Appendix; Usernames, passwords and database; reference sheet; Turning the legacy mode on or off; Changing the favorite icon 327 $aSetting up a site in a subfolderQuestions to ask a prospective host; Checking and updating your server software; Index 330 $aOver 60 quick and direct recipes to help you overcome common Joomla! queries. 606 $aWeb sites$xDesign 615 0$aWeb sites$xDesign. 676 $a006.7 676 $a006.786 700 $aCanavan$b Tom$01552590 801 0$bMiAaPQ 801 1$bMiAaPQ 801 2$bMiAaPQ 906 $aBOOK 912 $a9910785482603321 996 $aJoomla! 1.5 cookbook$93854768 997 $aUNINA